000 00656nab a2200229 a 4500
001 72068
003 146210
005 20201118111004.0
008 ||||||n9999 ||| || ||
041 _aspa
245 0 _aSistema de declaracion y pago electronico :
_bparametros operativos
260 _aBogotá :
_bLEGI0,
_c1999.
300 _app.1284-1289
562 _e0
650 _aDIRECCIÓN DE IMPUESTOS Y ADUANAS NACIONALES (COLOMBIA)
650 _aIMPUESTOS
650 _aRESOLUCION 831 DE 1999
650 _aSERVICIOS ELECTRONICOS
650 _aSISTEMAS DE PAGO
773 _071420
_aLegislación - Tomo 95 No.1128 (1999)
942 _cSART
999 _c72068
_d72068